Aves / (Registro nro. 11600)
[ vista simple ]
| 000 -LEADER | |
|---|---|
| fixed length control field | 00861nam a22003017a 4500 |
| 001 - CONTROL NUMBER | |
| control field | 000569 |
| 003 - CONTROL NUMBER IDENTIFIER | |
| control field | DO-SdBNP |
| 005 - DATE AND TIME OF LATEST TRANSACTION | |
| control field | 20161019102843.0 |
| 007 - PHYSICAL DESCRIPTION FIXED FIELD--GENERAL INFORMATION | |
| fixed length control field | 000569 |
| 008 - FIXED-LENGTH DATA ELEMENTS--GENERAL INFORMATION | |
| fixed length control field | 161019b 1994 sp a ||||| |||| 00| 0 spa d |
| 020 ## - INTERNATIONAL STANDARD BOOK NUMBER | |
| International Standard Book Number | 8401315085 |
| 040 ## - CATALOGING SOURCE | |
| Original cataloging agency | BPMSU |
| Language of cataloging | spa |
| Transcribing agency | BPMSU |
| 041 17 - LANGUAGE CODE | |
| Language code of text/sound track or separate title | spa |
| Language code of original | eng |
| 082 ## - DEWEY DECIMAL CLASSIFICATION NUMBER | |
| Classification number | xxxxxx |
| Item number | xxxxxx |
| 240 ## - UNIFORM TITLE | |
| Uniform title | <a href="Birds.">Birds.</a> |
| Language of a work | Español |
| 245 10 - TITLE STATEMENT | |
| Title | Aves / |
| Statement of responsibility, etc. | asesor, Alan Harris. |
| 260 ## - PUBLICATION, DISTRIBUTION, ETC. (IMPRINT) | |
| Place of publication, distribution, etc. | Barcelona : |
| Name of publisher, distributor, etc. | Plaza Joven, |
| Date of publication, distribution, etc. | 1994. |
| 300 ## - PHYSICAL DESCRIPTION | |
| Extent | 49 p. : |
| Other physical details | il. ; |
| Dimensions | 31 cm. |
| 490 1# - SERIES STATEMENT | |
| Series statement | Enciclopedia ilustrada. |
| 500 ## - GENERAL NOTE | |
| General note | A Dorling Kindersley" - Título página reverso. |
| 650 ## - SUBJECT ADDED ENTRY--TOPICAL TERM | |
| Topical term or geographic name as entry element | Birds -- Juvenile literature. |
| 650 ## - SUBJECT ADDED ENTRY--TOPICAL TERM | |
| Topical term or geographic name as entry element | Aves -- Literatura juvenil. |
| 650 ## - SUBJECT ADDED ENTRY--TOPICAL TERM | |
| Topical term or geographic name as entry element | Birds. |
| 700 1# - ADDED ENTRY--PERSONAL NAME | |
| Personal name | Harris, Alan, |
| Relator term | as. |
| 830 #0 - SERIES ADDED ENTRY--UNIFORM TITLE | |
| Uniform title | Enciclopedia ilustrada. |
| 942 ## - ADDED ENTRY ELEMENTS (KOHA) | |
| Source of classification or shelving scheme | Dewey Decimal Classification |
| Koha item type | Libros |
| 956 ## - LOCAL ELECTRONIC LOCATION AND ACCESS (OCLC) | |
| Access method | LOPEREZ |
| Materials specified | 10 |
| Linkage | 20161019 |
| Field link and sequence number | BPMSU |
| Host name | 10 |
| Withdrawn status | Lost status | Source of classification or shelving scheme | Damaged status | Not for loan | Collection code | Home library | Current library | Date acquired | Source of acquisition | Total Checkouts | Full call number | Barcode | Date last seen | Price effective from | Koha item type |
|---|---|---|---|---|---|---|---|---|---|---|---|---|---|---|---|
| Dewey Decimal Classification | Colección Juvenil General | Biblioteca Pública Metropolitana Salomé Ureña | Biblioteca Pública Metropolitana Salomé Ureña | 10/19/2016 | FUNDI | xxxxxx xxxxxx | BPMSU16100252 | 10/19/2016 | 10/19/2016 | Libros |